000 00294nam a22001337a 4500
008 170324b xxu||||| |||| 00| 0 eng d
020 _a9780809237289
041 _aeng
080 _a615.82
100 _a8
101 _aSHM
245 _aHARDCORE BODYBUILDING
_cHATFIELD.F.C
942 _2udc
_cBK
999 _c8590
_d8590